Statistics for Google Letters: European Countries

Click here to take the quiz!

General Stats

  • This quiz has been taken 75 times
    (40 since last reset)
  • The average score is 44 of 45

Answer Stats

Country # of Letters % Correct
Austria6
100%
Andorra5
100%
Albania4
100%
Norway5
97%
Poland5
97%
Portugal5
97%
Montenegro10
97%
Malta5
97%
Macedonia (FYROM)5
97%
Russia5
97%
Moldova5
97%
Monaco5
97%
Serbia4
97%
Switzerland5
97%
United Kingdom7
97%
Ukraine2
97%
Vatican City7
97%
Sweden4
97%
Spain4
97%
Luxembourg4
97%
Slovakia5
97%
Slovenia4
97%
San Marino7
97%
Lithuania5
97%
Czech Republic3
97%
Denmark4
97%
Estonia4
97%
France5
97%
Croatia4
97%
Bulgaria4
97%
Belarus5
97%
Belgium4
97%
Bosnia & Herzegovina6
97%
Finland4
97%
Germany3
97%
Italy3
97%
Kosovo4
97%
Latvia4
97%
Ireland3
97%
Iceland3
97%
Greece4
97%
Hungary5
97%
Liechtenstein4
97%
Romania6
94%
Netherlands4
94%

Score Distribution

Percentile by Number Answered

Percent of People with Each Score

Your Score History

You have not taken this quiz since the last reset